Detalles MARC
| 000 -CABECERA |
| Longitud fija campo de control |
01509cam a2200373 a 4500 |
| 003 - • IDENTIFICADOR DELl NÚMERO DE CONTROL |
| Identificador del número de control |
CO-BoRNBP |
| 005 - • FECHA Y HORA DE LA ÚLTIMA TRANSACCIÓN |
| Fecha y hora de la última transacción |
20251027195944.0 |
| 007 - • CAMPO FIJO DE DESCRIPCIÓN FÍSICA |
| Campo fijo de descripción física |
ta |
| 008 - • CÓDIGOS DE INFORMACIÓN DE LONGITUD FIJA |
| Códigos de información de longitud fija |
980828s1998 ck ae gr 00010 spa d |
| 020 ## - • NÚMERO INTERNACIONAL NORMALIZADO PARA LIBROS |
| Número Internacional Normalizado para Libros (ISBN) |
9589569846 |
| 040 ## - FUENTE DE LA CATALOGACIÓN |
| Centro catalogador de origen |
la |
| Centro transcriptor |
la |
| 041 0# - • CÓDIGO DE LENGUA |
| Código de lengua del texto/banda sonora o título independiente |
spa |
| 043 ## - CÓDIGO DE ÁREA GEOGRÁFICA |
| Código de área geográfica |
s-ck--- |
| 082 04 - • NÚMERO DE LA CLASIFICACIÓN DECIMAL DEWEY |
| Número de clasificación (R) |
726.1 |
| Número del ítem |
S15i |
| Número de edición |
19 ed. |
| 100 1# - • PUNTO DE ACCESO PRINCIPAL-NOMBRE DE PERSONA |
| Nombre de persona |
Saldarriaga Roa, Alberto, |
| Fechas asociadas al nombre |
1941- |
| 245 14 - • TITULO PROPIAMENTE DICHO |
| Título |
Las iglesias de madera de San Andrés y Providencia : |
| Resto del título |
arquitectura y música / |
| Mención de responsabilidad, etc. |
Alberto Saldarriaga, Egberto Bermúdez. ; fotografía Jorge Gamboa. |
| 250 ## - • MENCIÓN DE EDICIÓN |
| Mención de edición |
1a. edición |
| 300 ## - • DESCRIPCIÓN FÍSICA |
| Extensión |
93 p : |
| Otras características físicas |
il., planos ; |
| Dimensiones |
22 x 23 cm. |
| 336 ## - TIPO DE CONTENIDO |
| Fuente |
rdacontent |
| Término de tipo de contenido |
texto |
| Código de tipo de contenido |
txt |
| 337 ## - TIPO DE MEDIO |
| Fuente |
rdamedia |
| Nombre del tipo de medio |
sin mediación |
| Código del tipo de medio |
n |
| 338 ## - TIPO DE SOPORTE |
| Fuente |
rdacarrier |
| Nombre del tipo de soporte |
volumen |
| Código del tipo de soporte |
nc |
| 610 27 - • PUNTO DE ACCESO ADICIONAL DE MATERIA - NOMBRE DE ENTIDAD CORPORATIVA |
| Nombre de entidad corporativa o nombre de jurisdicción como elemento inicial |
Iglesia Católica |
| Subdivisió,n de materia general |
Historia |
| Subdivisión geogr´fica |
San Andrés (Isla, Colombia). |
| 610 27 - • PUNTO DE ACCESO ADICIONAL DE MATERIA - NOMBRE DE ENTIDAD CORPORATIVA |
| Nombre de entidad corporativa o nombre de jurisdicción como elemento inicial |
Iglesia Católica |
| Subdivisió,n de materia general |
Historia |
| Subdivisión geogr´fica |
Providencia (Isla, Colombia). |
| 650 #7 - • PUNTO DE ACCESO ADICIONAL DE MATERIA - TÉRMINO DE MATERIA |
| Término de materia o nombre geográfico como elemento inicial |
Iglesias (Arquitectura) |
| Subdivisión de materia general |
Arquitectura |
| Subdivisión geográfica |
San Andrés (Isla, Colombia). |
| Fuente del encabezamiento o término |
BLAAUTO |
| 650 #7 - • PUNTO DE ACCESO ADICIONAL DE MATERIA - TÉRMINO DE MATERIA |
| Término de materia o nombre geográfico como elemento inicial |
Iglesias (Arquitectura) |
| Subdivisión de materia general |
Arquitectura |
| Subdivisión geográfica |
Providencia (Isla, Colombia). |
| Fuente del encabezamiento o término |
BLAAUTO |
| 650 #7 - • PUNTO DE ACCESO ADICIONAL DE MATERIA - TÉRMINO DE MATERIA |
| Término de materia o nombre geográfico como elemento inicial |
Música sacra |
| Subdivisión de materia general |
Historia |
| Subdivisión geográfica |
San Andrés (Isla, Colombia). |
| Fuente del encabezamiento o término |
BLAAUTO |
| 650 #7 - • PUNTO DE ACCESO ADICIONAL DE MATERIA - TÉRMINO DE MATERIA |
| Término de materia o nombre geográfico como elemento inicial |
Música sacra |
| Subdivisión de materia general |
Historia |
| Subdivisión geográfica |
Providencia (Isla, Colombia). |
| Fuente del encabezamiento o término |
BLAAUTO |
| 700 1# - • PUNTO DE ACCESO ADICIONAL - NOMBRE DE PERSONA |
| Nombre de persona |
Bermúdez Cujar, Egberto, |
| Fechas asociadas al nombre |
1954- |
| 700 1# - • PUNTO DE ACCESO ADICIONAL - NOMBRE DE PERSONA |
| Nombre de persona |
Gamboa, Coque, |
| Término indicativo de función |
il. |
| 830 #0 - • PUNTO DE ACCESO ADICIONAL DE SERIE - TÍTULO UNIFORME |
| Título uniforme |
Nina S. de Friedemann-Colección |
| 942 ## - ENTRADA DE ELEMENTOS AGREGADOS (KOHA) |
| Fuente de clasificaión o esquema |
Dewey Decimal Classification |
| Koha [por defecto] tipo de item |
LIbro |
| 949 ## - TRATAMIENTO DE LA INFORMACIÓN LOCAL (OCLC) |
| a |
c |
| b |
c |